000 00804nam a22002177a 4500
005 20170123164140.0
010 _aB-124108
020 _c120.00
_a818873862
035 _aB-124108
037 _bCen Lib / Ret
040 _aDPL
_bPN
082 _a851
_bਸੁਖਚ
100 _aਸੱਦੇਵਾਲੀਆਂ, ਸੁਖਚਰਨ
_95721
245 _aਖਾਲਸੇ ਦੀ ਸ਼ਾਨ /
_c ਸੁਖਚਰਨ ਸੱਦੇਵਾਲੀਆਂ
246 _aKhalsy de shaan
_bby Sukhcharan sadywalia
260 _aਪੰਜਾਬ
_bਉਡਾਨ ਪਬਲਿਕੇਸ਼ਨਜ਼
270 _aਵਾਟਰ ਵਰਕਸ ਰੋਡ,
_bਮਾਨਸਾ
_e151505
300 _a118p.
_b23cm(Hb)
650 _a ਧਰਮ -ਪੰਜਾਬੀ
_915844
942 _2ddc
_cPN
_h851
_mਸੁਕਚ
999 _c109647
_d109647